000 01453cam a2200493 a 4500
001 32473
003 AR-RoBPED
005 20260330090705.0
007 ta
008 180810s2018 ag a br 001 0 spa
020 _a9789874444165
040 _aAR-BaBN
_eaacr
041 _aspa
100 _aEdelsztein, Valeria
_d1982-
_eautora
_4aut
_928970
245 1 0 _aCiencia para pasar el verano /
_cValeria Edelsztein ; ilustraciones de Javier Reboursin.
260 _aBuenos Aires :
_bIamiqué,
_c2018.
300 _a47 p. :
_bil. ;
_c21 cm.
490 _a(ciencia todo el año)
500 _aSe utiliza con la estación de lectura: Verano.
521 _aEdad sugerida desde los 8 años.
650 4 _aCIENCIAS DE LA VIDA
_910137
650 4 _aDIVULGACION CIENTIFICA
_919556
650 4 _aESTACIONES DEL AÑO
_910163
650 4 _aCALOR
_91701
653 _aSOLTICIO
653 _aSOL
653 _aBRONCEADO
653 _aPROTECTOR SOLAR
653 _aTRANSPIRACION
653 _aVENTILADOR
653 _aGAFAS DE SOL
653 _aAIRE ACONDICIONADO
653 _aOREJAS
653 _aESCASEZ DE AGUA
653 _aARENA
653 _aLIXIVIACION
653 _aESPEJISMOS
653 _aCANTO DE GRILLOS
653 _aMOSQUITOS
653 _aTRAQUETEO DEL TREN
700 1 _aReboursin, Javier
_eil.
942 _2udc
_ak. 32473
_cBK
_h613.13
_kI
_mE 23 v
_nInv. 42331
945 _amev 27/03/2026 - cd 30/03/2026
999 _c32473
_d32473